| 000 | 00581cam a2200193 4500 | ||
|---|---|---|---|
| 001 | 2681350 | ||
| 003 | BD-DhUL | ||
| 005 | 20170418102402.0 | ||
| 008 | 740220s1962 nyu b i000 0 eng | ||
| 010 | _a 74153917 | ||
| 040 |
_aDLC _cDLC _dDLC _dBD-DhUL |
||
| 082 | 0 | 0 |
_a575.1 _bUNU |
| 110 | 2 | _aUnited Nations. | |
| 245 | 0 | 0 |
_aThe use of vital and health statistics for genetics and radiation studies / _cUnited Nations. |
| 260 |
_aNew York : _bUnited nations, _c1962. |
||
| 300 |
_axi, 259 p. ; _c28 cm. |
||
| 504 | _aIncludes bibliographical references. | ||
| 942 |
_2ddc _cREF |
||
| 999 |
_c184509 _d184509 |
||